Giáo trình can thiệp sớm cho trẻ kuyết tật

Nội dung sách: những vấn đề chung về can thiệp sớm cho trẻ khuyết tật; can thiệp sớm và hỗ trợ gia đình trẻ khuyết tật; can thiệp sớm và hỗ trợ trẻ khuyết tật trong trường mầm non.

שמור ב:
מידע ביבליוגרפי
מחבר ראשי: Trần, Thị Thiệp
פורמט: ספר
שפה:Undetermined
יצא לאור: Hà Nội Nxb. Đại học Sư phạm 2014
נושאים:
תגים: הוספת תג
אין תגיות, היה/י הראשונ/ה לתייג את הרשומה!
Thư viện lưu trữ: Trung tâm Học liệu Trường Đại học Cần Thơ
LEADER 01012nam a2200217Ia 4500
001 CTU_202473
008 210402s9999 xx 000 0 und d
020 |c 53000 
082 |a 371.91 
082 |b Th307 
100 |a Trần, Thị Thiệp 
245 0 |a Giáo trình can thiệp sớm cho trẻ kuyết tật 
245 0 |c Trần Thị Thiếp (Chủ biên), Hoàng Thị Nho, Trần Thị Minh Thành 
260 |a Hà Nội 
260 |b Nxb. Đại học Sư phạm 
260 |c 2014 
520 |a Nội dung sách: những vấn đề chung về can thiệp sớm cho trẻ khuyết tật; can thiệp sớm và hỗ trợ gia đình trẻ khuyết tật; can thiệp sớm và hỗ trợ trẻ khuyết tật trong trường mầm non. 
650 |a Handicapped children,Trẻ em khuyết tật 
650 |x Education,Giáo dục 
904 |i Tuyến 
980 |a Trung tâm Học liệu Trường Đại học Cần Thơ